Never Relocated (NHL) Quiz Stats

 Plays Quiz Updated Nov 18, 2017

Challenge
Share
Tweet
Embed
Score 0/24 Timer 03:00
0 Plays Today
First Year Team % Correct
1926New York Rangers
94.5%
1924Boston Bruins
94.2%
1917Toronto Maple Leafs
93.9%
1917Montreal Canadiens
93.1%
1926Chicago Blackhawks
92.1%
1926Detroit Red Wings
91.9%
1967Los Angeles Kings
87.8%
1967Pittsburgh Penguins
86.9%
1967Philadelphia Flyers
85.6%
1972New York Islanders
85.3%
1970Vancouver Canucks
84.3%
2017Vegas Golden Knights
83.8%
First Year Team % Correct
1979Edmonton Oilers
82.2%
1993Florida Panthers
81.4%
1991San Jose Sharks
80.4%
1992Tampa Bay Lightning
79.4%
2000Minnesota Wild
78.9%
1967St. Louis Blues
78.5%
1992Ottawa Senators
78.5%
1993Anaheim Ducks
78.4%
2000Columbus Blue Jackets
77.3%
1998Nashville Predators
73.6%
1974Washington Capitals
72.9%
1970Buffalo Sabres
66%

You're not logged in!

Compare scores with friends on all Sporcle quizzes.
OR
Log In

You Might Also Like...

Show Comments

Extras

Top Quizzes Today


Score Distribution

Your Account Isn't Verified!

In order to create a playlist on Sporcle, you need to verify the email address you used during registration. Go to your Sporcle Settings to finish the process.

Report this User

Report this user for behavior that violates our Community Guidelines.

Details: